Score 0/20 Timer 02:00
0 Plays Today
Song Missing Word % Correct
_____ CaliforniaHotel
95.7%
_____ in the Fast LaneLife
86.1%
I Can't _____ You WhyTell
79.4%
Take It _____Easy
77%
Witchy _____Woman
72.3%
_____ SunriseTequila
69%
New _____ in TownKid
67.6%
Take It To the _____Limit
67.3%
The _____ ResortLast
64.2%
Lyin' _____Eyes
64%
Song Missing Word % Correct
One of These _____Nights
63.5%
Long _____ out of EdenRoad
63.5%
Peaceful Easy _____Feeling
61.4%
The _____ RunLong
55.5%
Already _____Gone
53.5%
Wasted _____Time
47.9%
The _____ of My LoveBest
34.6%
Get _____ ItOver
34.2%
_____ TonightHeartache
25.4%
On the _____Border
8.7%

Today's Daily Dose

Quick Pick
Colorful Movies

Get the Picture
Dog Breeds II

Remove Ads.
Support Sporcle.
Get the best of Sporcle when you Go Orange. This ad-free experience offers more features, more stats, and more fun while also helping to support Sporcle. Thank you for becoming a member.

You're not logged in!

Compare scores with friends on all Sporcle quizzes.
OR
Log In

Show Comments

Extras

Top Quizzes Today


Score Distribution

Your Account Isn't Verified!

In order to create a playlist on Sporcle, you need to verify the email address you used during registration. Go to your Sporcle Settings to finish the process.

Report this User

Report this user for behavior that violates our Community Guidelines.

Details: